00671cam a2200205 a 4500001001000000003000400010005001700014008004100031020001500072040002500087082001900112100003400131245005100165260007800216300002100294490004900315650002400364650002600388830005100414000009857OSt20200929161732.0931009s1990 ck 000 p spa d a9589075193 aDO-SdBNPbspacBNPHU aC861.44bR934a1 aRuiz Gómez, Darío,d1938-10aA la sombra del angel /cDarío Ruiz Gómez. aMedellín, Colombia :bBiblioteca Pública Piloto de Medellín,c1990. a120 p. ;c20 cm.0 aBiblioteca Pública Piloto de Medellínv7 4aPoesía colombiana 4aLiteratura colombiana 0aBiblioteca Pública Piloto de Medellín ;v7